000 01676nam a22003855a 4500
003 EG-ScBUE
005 20220323150244.0
008 110531s2008 ua f b 00000ceeng d
020 _a9774161467
020 _a9789774161469
040 _aEG-ScBUE
_beng
_erda
_cEG-ScBUE
_dEG-ScBUE
041 1 _aeng
_hara
082 0 4 _a892.70922
_222
_bARA
245 0 0 _aArab women writers :
_ba critical reference guide, 1873-1999 /
_cedited by Radwa Ashour, Ferial J. Ghazoul, Hasna Reda-Mekdashi ; translated by Mandy McClure.
264 1 _aCairo ;
_aNew York :
_bThe American University in Cairo Press,
_c2008.
300 _axiii, 526 pages ;
_c24 cm
336 _2rdacontent
_atext
_btxt
337 _2rdamedia
_aunmediated
_bn
338 _2rdacarrier
_avolume
_bnc
500 _aOriginally published in Arabic: Cairo: Nour Foundation for Research and Studies, 2004, Dhakira li-l-mustaqbal: mawsu'at al-katiba al-'arabiya
504 _aIncludes bibliographical references.
546 _aText in English ; translated from the original Arabic.
650 7 _924502
_aArabic literature
_xWomen authors
_xHistory and criticism.
_2BUEsh
650 7 _924503
_aArabic literature
_xHistory and criticism
_y19th century.
_2BUEsh
650 7 _924504
_aArabic literature
_xHistory and criticism.
_y20th century.
_2BUEsh
651 _2BUEsh
653 _cMay2011
653 _bBUSBOL
_cAugust2015
655 _aArabic fiction
_vReading book
700 1 _924498
_aMcClure, Mandy,
_etranslator.
700 1 _924088
_aAshur, Radwa,
_eeditor.
700 1 _924500
_aGhazoul, Ferial Jabouri
_d1939-
_eeditor.
700 1 _924501
_aReda-Mekdashi, Hasna,
_eeditor.
942 _2ddc
_cBB
_k892.709 ARA
999 _c15489
_d15489